000 01052nam a22002777a 4500
001 7134
003 FISKH
005 20250626083802.0
008 250625b cb ||||| |||| 00| 0 eng d
020 _a9788956355054
040 _aFISKH
_beng
_cFISKH
_dFISKH
050 _aPZ7
082 _a780
100 _aSormark, Julie
245 _aThe musicians of Bremen /
_cRetold by Julie Sormark : through the Art style of Edward Munch
260 _aSeoul :
_be-future ,
_c2010.
300 _a39 pages :
_bcolor illustrations ;
_c23 cm .
490 _aArt classic stories
505 _aJ
520 _aThe story begins with four animals—an old donkey, an old dog, an old cat, and an old rooster—who have grown too old to serve their masters and are no longer wanted. Rather than giving up on life, each animal sets off on its own journey to find a better place where it can live freely.
521 8 _a470
_bLexile
521 8 _aJ
_bRaz-Plus
700 _aJang, Jonggyun
_eIllustrator
942 _2ddc
_cBK
_n0
999 _c7134
_d7134